[Event "2019 Australian Open"]
[Site "chess24.com"]
[Date "2018.12.30"]
[Round "8.4"]
[White "Izzat, Kanan"]
[Black "Johansen, Darryl K"]
[Result "1-0"]
[WhiteElo "2496"]
[BlackElo "2345"]

1.e4 c5 2.Nf3 e6 3.d4 cxd4 4.Nxd4 Nc6 5.Nc3 d6 6.Be3 Nf6 7.Bc4 a6 8.Qe2 Bd7
9.O-O-O b5 10.Bb3 Na5 11.f3 Nxb3+ 12.cxb3 Be7 13.Kb1 Qc7 14.b4 Rc8 15.a3 O-O
16.Rc1 Qb8 17.g4 Rfd8 18.Rhd1 Qa8 19.Nb3 Bc6 20.Na5 Nd7 21.h4 Bf8 22.h5 Ne5
23.g5 Be8 24.h6 g6 25.Bb6 Rd7 26.f4 Nc4 27.Nxc4 Rxc4 28.f5 Rb7 29.Qe3 Bd7
30.fxe6 Bxe6 31.Nd5 Bxd5 32.exd5 Re7 33.Qf3 Re5 34.Rxc4 bxc4 35.Qf6 Rf5 36.Qd8
Qxd8 37.Bxd8 f6 38.gxf6 Bxh6 39.Re1 Bf8 40.Rd1 Kf7 41.a4 Ke8 42.Bb6 Kd7 43.Rd4
h5 44.a5 g5 45.b5 axb5 46.a6 Kc8 {_MARK:DIAGRAM_} 47.b4 $10 {White is winning
after 47.b3 or 47.Rd1} g4?? (47...Re5 $10) 48.Re4 Re5 49.Rxe5 dxe5 50.Bc5 h4
51.d6 h3 52.a7 {If.52...Kb7 53.d7 h2 54.a8=Q+ wins. _MARK:DIAGRAM_} {#r} 1-0

[Event "2019 Australian Open"]
[Site "chess24.com"]
[Date "2018.12.30"]
[Round "8.7"]
[White "Bjelobrk, Igor"]
[Black "Wengholm, Anders"]
[Result "1-0"]
[WhiteElo "2401"]
[BlackElo "2209"]

1.d4 Nf6 2.c4 g6 3.Nc3 Bg7 4.e4 d6 5.Nf3 O-O 6.Be2 c5 7.O-O cxd4 8.Nxd4 Nc6
9.Be3 Nxd4 10.Bxd4 Bd7 11.Qd2 Bc6 12.f3 Nd7 13.Bf2 b6 14.Rac1 Bb7 15.b3 Rc8
16.Be3 Re8 17.Kh1 Nc5 18.Bd1 Nd7 19.Bc2 a6 20.a4 Nc5 21.Rce1 Bc6 22.Bh6 Qc7
23.Bxg7 Kxg7 24.f4 Nd7 25.Re3 b5 26.axb5 axb5 27.Bd3 bxc4 28.Bxc4 Nb6 29.Be2
f6 30.h4 Ra8 31.h5 Ra3 32.Bd1 Rea8 33.Rh3 Bd7 34.g4 Rh8 35.hxg6 hxg6 36.Rxh8
Kxh8 37.g5 Kg7 38.gxf6+ exf6 39.Rg1 Qc5 40.f5 Be8 41.Bh5 Nd7 42.Bxg6 Bxg6
43.Rxg6+ Kf7 44.Rg3 Ra1+ 45.Kh2 {_MARK:DIAGRAM_} Ne5?? (45...Qe5 {and White is
only slightly better.}) 46.Qg2 {or 46.Qe2} Ke7 47.Nd5+ {#r} 1-0

[Event "2019 Australian Open"]
[Site "chess24.com"]
[Date "2018.12.30"]
[Round "8.9"]
[White "Kethro, Michael"]
[Black "Dale, Ari"]
[Result "0-1"]
[WhiteElo "2099"]
[BlackElo "2371"]

1.d4 Nf6 2.c4 g6 3.Nc3 d5 4.cxd5 Nxd5 5.e4 Nxc3 6.bxc3 Bg7 7.Nf3 c5 8.Be3 O-O
9.Qd2 Qa5 10.Rb1 a6 11.Rc1 Nd7 12.Bd3 e5 13.dxe5 Nxe5 14.Nxe5 Bxe5 15.f4 Bg7
16.O-O Rd8 17.Qc2 b5 18.e5 Be6 19.Bxc5 Qxa2 20.Qxa2 Bxa2 21.Bd6 Bf8 22.Be4
Bxd6 23.exd6 Ra7 24.Rfd1 Rad7 25.Ra1 Bb3 26.Bc6 Bxd1 27.Bxd7 Ba4 28.Bc6 Rxd6
29.Bf3 Rd3 30.c4 Rd4 31.cxb5 axb5 32.g3 Bc2 33.Ra2 Bd1 34.Ra8+ Kg7 35.Kf2 Rd2+
36.Ke3 Bxf3 37.Kxf3 Rxh2 38.Rb8 Rb2 39.Rb7 Rb3+ 40.Kg4 h5+ 41.Kh4 Rb1 42.Kh3
Kf6 43.Rc7 Rd1 44.Rc6+ Kg7 45.Rc5 b4 46.Rb5 Rd4 47.Rb6 Rc4 48.Ra6 b3 49.Rb6
Rc3 50.Kg2 Rc2+ 51.Kf3 b2 52.Rb7 Kf6 53.Rb5 Ke6 54.Rb8 Kd5 55.Ke3 Kc4 56.Rb7
Rc3+ {#R} 0-1

[Event "2019 Australian Open"]
[Site "chess24.com"]
[Date "2018.12.30"]
[Round "8.10"]
[White "Rujevic, Mirko"]
[Black "Goldenberg, Igor"]
[Result "0-1"]
[WhiteElo "2092"]
[BlackElo "2358"]

1.e4 c5 2.Nf3 Nc6 3.d4 cxd4 4.Nxd4 e5 5.Nb5 d6 6.N1c3 a6 7.Na3 b5 8.Nd5 Nge7
9.Bg5 h6 10.Be3 Nxd5 11.Qxd5 Qc7 12.c3 Be7 13.Be2 O-O 14.Qd2 Be6 15.f4 exf4
16.Bxf4 Bh4+ 17.g3 Be7 18.Nc2 Ne5 19.Nd4 Nc4 20.Bxc4 Qxc4 21.Qe2 Qc5 22.Be3
Qe5 23.Bf4 Qc5 24.Be3 Qc8 25.Qc2 Re8 26.O-O Bh3 27.Rfe1 Bf8 28.a4 Rb8 29.axb5
axb5 30.Nf5 d5 31.Bf4 Rb7 32.Nd4 Bc5 33.Qd3 Rbe7 34.Qxb5 dxe4 35.Be3 Bxd4
36.cxd4 Rb7 37.Qe2 Bg4 38.Qd2 Qb8 39.Rab1 Rb3 40.Bf4 Qb6 41.Re3 Rb4 42.d5 Rd4
{_MARK:DIAGRAM_} 43.Qe1? (43.Rb3! {was the best option ... but hard to see in
time trouble.}) 43...g5 44.Bxg5 hxg5 45.Kh1 Rc8 46.Qf2 Rd3 {#R} 0-1

[Event "2019 Australian Open"]
[Site "chess24.com"]
[Date "2018.12.31"]
[Round "9.3"]
[White "Izzat, Kanan"]
[Black "Cheng, Bobby"]
[Result "1-0"]
[WhiteElo "2496"]
[BlackElo "2510"]

1.Nf3 Nf6 2.c4 e6 3.g3 d5 4.Bg2 Be7 5.O-O O-O 6.d4 dxc4 7.Qc2 c6 8.Qxc4 b5
9.Qc2 Bb7 10.Rd1 Qb6 11.Be3 Na6 12.a4 Nb4 13.Qc1 Nbd5 14.Bd2 Rfc8 15.Qc2 c5
16.axb5 cxd4 17.Qd3 Nb4 18.Bxb4 Bxb4 19.Nxd4 Bxg2 20.Kxg2 Rd8 21.Qf3 e5 22.Ra6
Qc5 23.Nf5 Ne8 {_MARK:DIAGRAM_} 24.b6! Qc4 25.Rxa7 Rab8 26.Rxd8 Rxd8 27.Nc3
Bxc3 28.bxc3 Rb8 29.Ra8 e4 30.Rxb8 exf3+ 31.exf3 {#r} 1-0

[Event "2019 Australian Open"]
[Site "chess24.com"]
[Date "2018.12.31"]
[Round "9.2"]
[White "Kuybokarov, Temur"]
[Black "Papin, Vasily"]
[Result "1-0"]
[WhiteElo "2513"]
[BlackElo "2483"]

1.e4 c5 2.Nf3 Nc6 3.Bb5 g6 4.c3 Bg7 5.d4 Qb6 6.Qe2 cxd4 7.O-O Nf6 8.e5 Nd5
9.Rd1 Nc7 10.a4 Nxb5 11.axb5 d3 12.Qxd3 Nxe5 13.Nxe5 Bxe5 14.Bh6 Bb8 15.Na3
Qc7 16.f4 b6 17.Nc4 Bb7 18.Rd2 Rg8 19.Re1 f6 20.Qe2 e6 21.b4 Ke7 22.g4 a6
23.g5 f5 24.Ne5 {_MARK:DIAGRAM_} Be4? {24...Bc8 is best but Black is in
trouble anyway.} 25.Rxd7+ Qxd7 26.Nxd7 Kxd7 27.Rd1+ Ke7 28.Qd2 Ra7 29.Qd4 {#r}
1-0

[Event "2019 Australian Open"]
[Site "chess24.com"]
[Date "2018.12.31"]
[Round "9.6"]
[White "Goldenberg, Igor"]
[Black "Bjelobrk, Igor"]
[Result "0-1"]
[WhiteElo "2358"]
[BlackElo "2401"]

1.Nf3 Nf6 2.c4 e6 3.Nc3 d5 4.d4 Bb4 5.Qa4+ Nc6 6.cxd5 exd5 7.Bg5 h6 8.Bxf6
Qxf6 9.e3 O-O 10.Be2 Be6 11.O-O a6 12.Qb3 Bd6 13.a3 Ne7 14.Qc2 Ng6 15.b4 Rfe8
16.Qd2 c6 17.Na4 Re7 18.Nc5 Bg4 19.Rfe1 Rae8 20.a4 Nf4 21.Bd1 Bxf3 22.Bxf3
Nh3+ 23.Kh1 Ng5 24.Bd1 Bxc5 25.bxc5 Ne4 26.Qc2 Nxf2+ {Black is winning easily
here but mistakenly swapped N for B.  He allowed White to eventually equalise
but then outplayed him in a rook endgame. _MARK:DIAGRAM_} 27.Kg1 Nxd1 28.Raxd1
Rxe3 29.Rf1 Qg5 30.Qf2 R8e7 31.Rd2 g6 32.Rb2 Qg4 33.Rxb7 Rxb7 34.Qxe3 Kh7
35.h3 Qh4 36.Qe5 f5 37.Re1 a5 38.Kh2 h5 39.Re3 f4 40.Rf3 Rf7 41.Qe6 Qf6
42.Qxf6 Rxf6 43.Rb3 g5 44.Rb6 Kg6 45.g4 fxg3+ 46.Kxg3 Kf5 47.Rb8 Ke4 48.Rd8
Kxd4 49.Rd6 Ke5 {#R} 0-1

[Event "2019 Australian Open"]
[Site "chess24.com"]
[Date "2018.12.31"]
[Round "9.9"]
[White "Dowden, R. Anthony"]
[Black "Nakauchi, Gene"]
[Result "0-1"]
[WhiteElo "2044"]
[BlackElo "2190"]

1.c4 c5 2.g3 Nf6 3.Bg2 Nc6 4.Nf3 e6 5.O-O h5 6.e3 d5 7.d3 Bd6 8.Nc3 a6 9.e4 d4
10.Ne2 Nd7 11.Bf4 Bxf4 12.gxf4 e5 13.Qd2 Qf6 14.Kh1 Kf8 15.a3 exf4 16.Nxf4
Nde5 17.Nxe5 Nxe5 18.Nd5 Qd6 19.f4 Ng4 20.e5 Qd8 21.Qe1 Be6 22.Rc1 Bxd5
23.cxd5 Ne3 24.Rxc5 Nxf1 25.Qxf1 g6 26.Qf2 Rc8 27.Qxd4 Rxc5 28.Qxc5+ Kg7 29.d6
Qh4 30.Qc3 Rc8 31.Qd2 Rc2 32.Qd1 Qf2 33.Qf1 Qd4 34.h3 Rxb2 35.Qf3 Rf2 36.Qe4
Rxf4 37.Qxd4 Rxd4 38.Bxb7 Rxd3 39.Bxa6 Rxh3+ 40.Kg2 Rxa3 41.d7 Ra2+ 42.Kf3 Rd2
43.Bb5 Kf8 44.Ke3 Rd1 {White now has a choice, 45.Ba4= or 45.Bd3 0-1.  
Unfortunately he chose the later. _MARK:DIAGRAM_} 45.Bd3 {#R} 0-1

[Event "2019 Australian Open"]
[Site "chess24.com"]
[Date "2018.12.31"]
[Round "9.5"]
[White "Ikeda, Junta"]
[Black "Ryjanova, Julia"]
[Result "1-0"]
[WhiteElo "2421"]
[BlackElo "2308"]

1.Nf3 Nf6 2.g3 b6 3.Bg2 Bb7 4.c4 c5 5.Nc3 g6 6.d4 cxd4 7.Qxd4 Nc6 8.Qf4 Bg7
9.O-O Rc8 10.Rb1 d6 11.b3 O-O 12.Qh4 Nb8 13.Be3 a6 14.Rbc1 Nbd7 15.Bh3 Rc7
16.g4 h5 17.gxh5 gxh5 18.Nd4 e6 19.f3 Ne5 20.Qg3 Kh7 21.Bg2 Rg8 22.Bg5 Bh6
23.h4 Rc5 24.f4 Bxg2 25.Kxg2 Neg4 26.Qd3+ Kh8 27.Nf3 Qc7 28.Kh3 Ne8 29.Ne4 Rf5
30.Ng3 Rxf4 31.Nxh5 Rf5 32.Kxg4 f6 33.Ng3 fxg5 {The game is in the balance
here.  34.Nxf5 is better for White. _MARK:DIAGRAM_} 34.hxg5? Rfxg5+ {and
34...Bxg5 was better for Black!} 35.Nxg5 Rxg5+ 36.Kh3 {now White is winning.}
Qg7 37.Rf3 Rg6 38.Rcf1 Nf6 39.Qxd6 Bg5 40.Rh1 Bh4 41.Qb8+ Kh7 42.Kg2 Rh6
43.Qf4 Bg5 44.Rxh6+ Kxh6 45.Qe5 Qe7 46.Nf5+ {#r} 1-0

[Event "2019 Australian Open"]
[Site "chess24.com"]
[Date "2018.12.31"]
[Round "9"]
[White "Yang, Ray"]
[Black "Ng, Clive"]
[Result "1/2-1/2"]
[WhiteElo "2065"]
[BlackElo "2012"]

1.d4 Nf6 2.c4 g6 3.g3 Bg7 4.Bg2 O-O 5.Nc3 d6 6.Nf3 Nc6 7.O-O a6 8.Bg5 h6 9.Bd2
Rb8 10.d5 Na5 11.b3 c5 12.Rc1 b5 13.Qe1 b4 14.Nb1 Ne4 15.Be3 e6 16.Nfd2 Nf6
17.dxe6 Bxe6 18.Ne4 Nxe4 19.Bxe4 Bh3 20.Bg2 Bxg2 21.Kxg2 Qf6 22.Qd2 Kh7
23.Rcd1 Rbd8 24.Qd5 Qe6 25.Bf4 Rfe8 26.Rfe1 Be5 27.Bxe5 Qxd5+ 28.Rxd5 Rxe5
29.Rd3 Nb7 30.f4 Re7 31.Nd2 f5 32.Nf1 a5 33.Ne3 a4 34.Nd5 Rf7 35.Re3 Kg7
36.Re6 Na5 37.Rb1 Nc6 38.Rd1 Nd4 39.Rxd4 cxd4 40.Nxb4 axb3 41.axb3 Rb8 42.Nc6
Rxb3 43.Rxd6 Rb6 44.c5 Ra6 45.Kf3 Rc7 46.Nxd4 Rxd6 47.cxd6 Rc3+ 48.e3 Kf7
49.h3 h5 50.d7 Ke7 51.Ne6 Kxd7 52.Nf8+ Ke7 53.Nxg6+ Kf6 54.Ne5 Ra3 55.g4 hxg4+
56.hxg4 fxg4+ 57.Nxg4+ Kf5 58.Nf2 Rc3 59.Ne4 Ra3 60.Ng3+ Kf6 61.Ne2 Ra2 62.e4
Ra3+ 63.Kg4 Re3 64.Ng3 Ra3 65.e5+ Ke6 66.Ne4 Ra8 67.Ng5+ Kd5 68.e6 Rf8 69.Nh7
Rxf4+ {#d} 1/2-1/2

[Event "2019 Australian Open"]
[Site "chess24.com"]
[Date "2018.12.31"]
[Round "9.11"]
[White "Clarke, Matthew"]
[Black "Puccini, Jack"]
[Result "1/2-1/2"]
[WhiteElo "1974"]
[BlackElo "2268"]

1.d4 Nf6 2.c4 g6 3.Nc3 Bg7 4.e4 d6 5.Nf3 O-O 6.Be2 e5 7.O-O Nc6 8.d5 Ne7 9.Ne1
Nd7 10.Be3 f5 11.f3 f4 12.Bf2 g5 13.a4 a5 14.Nd3 b6 15.b4 axb4 16.Nxb4 Nf6
17.g4 fxg3 18.hxg3 h5 19.Be3 Ng6 20.Bxg5 h4 21.g4 Nf4 22.Bxh4 {_MARK:DIAGRAM_}
Nxe4!? 23.Nxe4? (23.Bxd8 Nxc3 24.Qd2 Ncxe2+ 25.Kf2 Rxd8 26.Nc6 Rf8 27.Rfe1 Nd4
28.Nxd4 exd4 $10) 23...Qxh4 24.Qe1 Qh6 25.Ra2 Kf7 26.Bd1 Rh8 27.Qg3 Qg6 28.Rh2
Rxh2 29.Qxh2 Bxg4 (29...Bd7 {was simpler and better.}) 30.Qg3 Bd7 31.Qxg6+
Nxg6 32.Bc2 Bh6 33.Kf2 Rh8 34.Nd3 Nf4 35.Rh1 Nxd3+ 36.Bxd3 Be3+ 37.Kg2 Rxh1
38.Kxh1 Bxa4 39.Nc3 Bd7 40.Nb5 Kf6 41.Kg2 Kg5 42.Kf1 c6 43.Nxd6 cxd5 44.cxd5
Kf4 45.Ke2 Bc5 46.Nb5 Bh3 47.Nc7 Bd6 48.Nb5 Bc5 49.Nc7 Bd7 50.Ne6+ Bxe6
51.dxe6 {#d} 1/2-1/2

[Event "2019 Australian Open"]
[Site "chess24.com"]
[Date "2018.12.31"]
[Round "9.7"]
[White "Chow, Samuel"]
[Black "Clarke, Brandon G I"]
[Result "1/2-1/2"]
[WhiteElo "2331"]
[BlackElo "2386"]

1.Nf3 Nf6 2.c4 g6 3.Nc3 Bg7 4.g3 O-O 5.Bg2 d6 6.O-O e5 7.d3 Nc6 8.Rb1 a5 9.a3
Nd4 10.Nxd4 exd4 11.Nb5 Ng4 12.h3 c6 13.hxg4 Bxg4 14.f3 Be6 15.Qb3 d5 16.c5 a4
17.Qb4 cxb5 18.Qxb5 Qc7 19.Kf2 Rfe8 20.Bd2 h5 21.Qb6 Qc8 22.Bf4 Bf5 23.b3 Ra6
24.Qb4 Bf8 25.Qd2 axb3 26.Rxb3 Bxc5 27.Rc1 Rae6 28.Rc2 Qc6 29.a4 Qxa4 30.Rxb7
{Black has just to play 31...Rxe2+ to win easy...but he chickens out.
_MARK:DIAGRAM_} Bb4 31.Qc1 Bc3 32.Qb1 Kg7 33.Bf1 Ra6 34.Qb5 Qxb5 35.Rxb5 Be6
36.Rc1 Kf6 37.Rb8 Rxb8 38.Bxb8 Bd2 39.Rb1 g5 40.Bg2 Be3+ 41.Kf1 h4 42.g4 Kg6
43.Bh3 f5 44.Be5 Rc6 45.Kg2 f4 46.Rb7 Rc2 47.Rg7+ Kh6 48.Re7 Bg8 49.Rc7 Rxe2+
50.Kh1 Re1+ 51.Kg2 Bh7 52.Bg7+ Kg6 53.Bf8 Re2+ 54.Kh1 Re1+ 55.Kg2 Re2+ 56.Kh1
Re1+ 57.Kh2 Bf2 58.Rg7+ Kf6 59.Rxh7 Bg3+ 60.Kg2 Rd1 61.Bc5 Rd2+ 62.Kg1 Rxd3
63.Rh6+ Kf7 64.Rd6 Rxf3 65.Rxd5 Ke6 66.Rd8 Bf2+ 67.Kg2 Rg3+ 68.Kxf2 Rxh3
69.Bxd4 Rg3 70.Re8+ Kf7 71.Re1 Rxg4 {Now 72.Kf3 draws. _MARK:DIAGRAM_}
72.Rg1?? Rxg1 73.Kxg1 Kg6 74.Bb6 Kh5?? {Black returns the favour.  Virtually
any other move won.} 75.Bc7 Kg4 76.Kg2 Kf5 77.Bd8 Kg4 78.Bc7 h3+ 79.Kh2 Kh4
80.Bd6 Kg4 81.Bc7 Kf3 82.Kxh3 g4+ 83.Kh2 g3+ 84.Kg1 Kg4 85.Bxf4 Kxf4 86.Kg2
Kg4 87.Kg1 Kf3 88.Kf1 g2+ 89.Kg1 Ke4 90.Kxg2 Ke5 {#d} 1/2-1/2

[Event "2019 Australian Open"]
[Site "chess24.com"]
[Date "2018.12.31"]
[Round "9"]
[White "Stojic, Dusan"]
[Black "Johansen, Darryl K"]
[Result "0-1"]
[WhiteElo "2275"]
[BlackElo "2345"]

1.Nf3 c5 2.g3 g6 3.Bg2 Bg7 4.c4 Nc6 5.Nc3 e6 6.d3 Nge7 7.Bd2 O-O 8.a3 b6 9.Rb1
Bb7 10.b4 cxb4 11.axb4 Ne5 12.Nh4 Bxg2 13.Nxg2 d5 14.f4 N5c6 15.b5 Na5 16.cxd5
Nxd5 17.Nxd5 Qxd5 18.O-O Nb7 19.Qb3 Qd7 20.Rfc1 Rfc8 21.Qa4 Nc5 22.Qa3 Bf8
23.Qa1 Ne4 24.Be3 Bg7 25.Rxc8+ Rxc8 26.Qa6 Nc3 27.Re1 Nxb5 28.Qa4 Rc7 29.Kf2
Nc3 30.Qxd7 Rxd7 31.Nh4 Nd5 32.Nf3 Nxe3 33.Kxe3 Rc7 34.Rb1 Kf8 35.d4 Ke8
36.Kd3 Kd8 37.e4 Kc8 38.Rb3 Kb7 39.Ne5 f6 40.Nc4 Rd7 41.Na5+ Ka8 42.Nc4 Rd8
43.h3 Bf8 44.Ke3 Rb8 45.e5 fxe5 46.fxe5 b5 47.Na5 b4 48.Ke4 Rb5 49.Rf3 Rxa5
50.Rxf8+ Kb7 51.Rf7+ Kc8 52.Rf8+ Kc7 53.Rf7+ Kc6 54.Re7 b3 55.Rxe6+ Kd7
56.Rd6+ Kc7 57.Rf6 b2 58.Rf7+ Kb6 59.Rf6+ Kb5 60.Rf1 Ra1 {#R} 0-1

[Event "AUS Open"]
[Site "?"]
[Date "2018.12.31"]
[Round "9.12"]
[White "Maguire, Tom"]
[Black "Liu, Yi"]
[Result "1-0"]
[WhiteElo "2068"]
[BlackElo "2255"]
[EventType "swiss"]
[EventRounds "9"]

1. d4 d5 2. c4 e6 3. Nf3 Nf6 4. g3 dxc4 5. Bg2 Bb4+ 6. Bd2 a5 7. O-O Nbd7 8.
Qc2 b6 9. Ne5 Nxe5 10. Bxa8 Qxd4 11. Bf4 Bd6 12. Rd1 Qc5 13. Be3 Qb5 14. Nc3
Qa6 15. Bg2 O-O 16. Ne4 Nxe4 17. Bxe4 f5 18. Bg2 a4 19. Bf4 Qb5 20. Rd4 Ba6
21. Rad1 h6 22. Rxd6 cxd6 23. Rxd6 Nf7 24. Rxe6 Rd8 25. Bc6 Qa5 26. Kg2 a3 27.
bxa3 Bc8 28. Re7 Qxa3 29. Rc7 Be6 30. Qb1 Qa5 31. Bf3 g5 32. Re7 Bd5 33. Bc7
g4 34. Bxd8 gxf3+ 35. exf3 Bxf3+ 36. Kxf3 Qd5+ 37. Ke2 Qxd8 38. Re3 Qf6 39.
Kf1 Qc6 40. Qxf5 b5 41. Re6 Qh1+ 42. Ke2 Qa8 43. Rg6+ Kf8 44. Qc5+ {#r} 1-0